| 000 | 00556nam a2200181 i 4500 | ||
|---|---|---|---|
| 001 | 150491 | ||
| 003 | ES-MaACL | ||
| 005 | 20250814063244.0 | ||
| 007 | t| | ||
| 008 | 071031s1902 sp ||||1| spa d | ||
| 100 | 1 |
_aValera, Luis, _d1870-1927 _9146515 |
|
| 245 | 1 | 0 |
_aSombras chinescas _b: (recuerdos de un viaje al Celeste Imperio) / _cpor Luis Valera. |
| 260 |
_aMadrid : _bViuda e Hijos de Tello, _c1902. |
||
| 300 |
_a2 v. ; _c18 cm. |
||
| 651 | 4 |
_aChina- _xDescripción. _98049 |
|
| 852 |
_aES-MaACL _jF-12888-89 |
||
| 999 |
_c150491 _d150491 |
||